Zwycięzcy nagrody najlepszego albumu rapowego Grammy z każdego roku - Statystyki

Ogólne statystyki
  • Ten quiz został rozwiązany 48 razy
  • Średni wynik to 20 z 29
Statystyki odpowiedzi
Hint Extra Hint Odpowiedź % Poprawnych
2003 The Eminem Show Eminem
95%
2000 The Slim Shady LP Eminem
92%
2001 The Marshall Mathers LP Eminem
92%
2008 Graduation Kanye West
92%
2020 Igor Tyler, the Creator
92%
2015 The Marshall Mathers LP 2 Eminem
89%
2006 Late Registration Kanye West
86%
2016 To Pimp a Butterfly Kendrick Lamar
86%
2018 Damn Kendrick Lamar
86%
2005 The College Dropout Kanye West
84%
2012 My Beautiful Dark Twisted Fantasy Kanye West
84%
2023 Mr. Morale & the Big Steppers Kendrick Lamar
84%
2009 Tha Carter III Lil Wayne
81%
2019 Invasion of Privacy Cardi B
78%
2013 Take Care Drake
73%
2011 Recovery Eminem
73%
2024 Michael Killer Mike
70%
2002 Stankonia Outkast
70%
2022 Call Me If You Get Lost Tyler, the Creator
65%
2010 Relapse Eminem
62%
2017 Coloring Book Chance the Rapper
59%
2021 King’s Disease Nas
59%
2014 The Heist Macklemore i Ryan Lewis
57%
1998 No Way Out Puff Daddy
43%
1997 The Score Fugees
35%
2004 Speakerboxxx/The Love Below Outkast
35%
2007 Release Therapy Ludacris
24%
1999 Vol. 2... Hard Knock Life Jay-Z
22%
1996 Poverty’s Paradise Naughty by Nature
22%
Nie znaleziono quizów pasujących do podanych kryteriów
Rozkład punktacji
Procent ludzi z każdym wynikiem
Percentyl według liczby udzielonych odpowiedzi
Twoja historia wyników
Nie rozwiązałeś tego quizu